000 003440000a22000970004500
100 1 _aNeira, Armando
245 1 0 _aYo corrompo, tú corrompes : La aprobación del narcoproyecto en la cámara amenaza con legalizar el flagelo más grave que padece el país
300 _aVol. 77, Núm 77 (1994), Páginas 16-17
773 0 _tCambio 16
942 _cANA
999 _c58707
_d58707